[Event "Oceania zt"]
[Site "Auckland"]
[Date "2005.02.01"]
[Round "5"]
[White "Chan, Jason"]
[Black "Donaldson, Bruce"]
[Result "1/2-1/2"]
[WhiteElo "2140"]
[BlackElo "2002"]
[PlyCount "111"]
[EventDate "2005.01.30"]
[EventType "swiss"]
[EventRounds "9"]
[EventCountry "NZL"]
[SourceTitle "CBM 104 Extra"]
[Source "ChessBase"]
[SourceDate "2005.03.01"]
[SourceVersion "1"]
[SourceVersionDate "2005.03.01"]
[SourceQuality "1"]

1. a3 d5 2. Nf3 Nf6 3. d3 e6 4. g3 b6 5. Bg2 Bb7 6. 0-0 Be7 7. Nbd2 Nbd7 8. Qe1 0-0 9. e4 dxe4 10. Nxe4 Nxe4 11. dxe4 Ba6 12. Nd4 Bxf1 13. Nc6 Qe8 14. Kxf1 e5 15. f4 Bd6 16. Qc3 Nc5 17. fxe5 Qxc6 18. exd6 cxd6 19. b4 Qb5+ 20. Ke1 Ne6 21. Be3 Qe5 22. Qxe5 dxe5 23. Bf1 Rac8 24. c4 Nd4 25. Bxd4 exd4 26. Kd2 Rfe8 27. Kd3 Rcd8 28. a4 Re6 29. a5 Kf8 30. axb6 Rxb6 31. Ra4 Rb7 32. b5 g6 33. Kc2 Ke7 34. c5 Rc7 35. c6 Ke6 36. Kd3 Ke5 37. Rc4 Ke6 38. Rc5 f6 39. Kc4 Ke7 40. Bd3 Ke6 41. Kb4 h5 42. Ka5 Kd6 43. Rc4 Ke5 44. Rc5+ Kd6 45. Rc4 Ke5 46. Rc5+ Kd6 47. Rc4 Ke7 48. b6 axb6+ 49. Kxb6 Re8 50. Rc5 Kd6 51. Rd5+ Ke6 52. Rc5 Kd6 53. Rd5+ Ke7 54. Rc5 Kd8 55. Rd5+ Ke7 56. Rc5 1/2-1/2

[Event "Australian op"]
[Site "Mount Buller"]
[Date "2005.01.08"]
[Round "10"]
[White "Hu, Jason"]
[Black "Chan, Jason"]
[Result "1/2-1/2"]
[WhiteElo "2062"]
[BlackElo "2140"]
[PlyCount "45"]
[EventDate "2004.12.28"]
[EventType "swiss"]
[EventRounds "11"]
[EventCountry "AUS"]
[SourceTitle "CBM 104 Extra"]
[Source "ChessBase"]
[SourceDate "2005.03.01"]
[SourceVersion "1"]
[SourceVersionDate "2005.03.01"]
[SourceQuality "1"]

1. c4 Nf6 2. Nc3 g6 3. g3 Bg7 4. Bg2 0-0 5. d4 d6 6. Nf3 Nc6 7. 0-0 a6 8. d5 Na5 9. Nd2 c5 10. Qc2 Rb8 11. b3 b5 12. Bb2 bxc4 13. bxc4 Bh6 14. e3 Bf5 15. e4 Bxd2 16. exf5 Nxc4 17. Bc1 Bxc1 18. Raxc1 Qa5 19. fxg6 hxg6 20. Qe2 Nb2 21. Qxe7 Qd8 22. Qe2 Qa5 23. Qe7 1/2-1/2

[Event "Australian op"]
[Site "Mount Buller"]
[Date "2005.01.07"]
[Round "9"]
[White "Chan, Jason"]
[Black "Zvedeniouk, Ilya"]
[Result "0-1"]
[WhiteElo "2140"]
[BlackElo "2168"]
[PlyCount "84"]
[EventDate "2004.12.28"]
[EventType "swiss"]
[EventRounds "11"]
[EventCountry "AUS"]
[SourceTitle "CBM 104 Extra"]
[Source "ChessBase"]
[SourceDate "2005.03.01"]
[SourceVersion "1"]
[SourceVersionDate "2005.03.01"]
[SourceQuality "1"]

1. a3 e5 2. c4 c6 3. d3 d5 4. Nf3 Bd6 5. cxd5 cxd5 6. g3 Ne7 7. Bg2 Nbc6 8. 0-0 0-0 9. Nc3 h6 10. e4 d4 11. Ne2 Be6 12. b4 b5 13. Nh4 a5 14. bxa5 Rxa5 15. f4 f6 16. f5 Bf7 17. Bf3 Qa8 18. Rb1 Rb8 19. Bd2 Rxa3 20. Nc1 b4 21. Bh5 Nd8 22. Ng6 Nxg6 23. Bxg6 Qa4 24. Bxf7+ Nxf7 25. Nb3 Rc8 26. h4 Ra2 27. Rf2 Bf8 28. g4 Be7 29. Rg2 Nd6 30. g5 fxg5 31. hxg5 Bxg5 32. Qg4 Rcc2 33. f6 gxf6 34. Qe6+ Nf7 35. Qxf6 Rxd2 36. Nxd2 Rxd2 37. Qg6+ Kf8 38. Rxg5 hxg5 39. Rf1 Qd7 40. Qh5 Kg7 41. Rxf7+ Qxf7 42. Qf3 b3 0-1